000 00435nmm a2200145Ia 4500
008 251105s9999||||xx |||||||||||||||||und||
041 _aspa
100 _aCornwell, Patricia
245 0 _aUna muerte sin nombre :
_b Doctora Kay Scarpetta 6
264 _a[Madrid, España] :
_bEdiciones B,
_c2016
300 _a368 páginas
650 _aThriller & Suspense
856 _uhttps://public.digitaliapublishing.com/a/53675
942 _cCF
999 _c105847
_d105847